00445nam a2200133Ia 4500008004100000020001800041041000800059082001700067100001600084245002200100260004700122999001900169952012300188230717s9999 xx 000 0 und d a1-874241-62-7 aeng a346.059bCUR aCurzon L. B aEquity And Trusts aLondonbCavendish Publishing Limitedc1993 c671016d671016 011040708LLBaNLPbNLPcNLP-17d1999-03-31g418.00l0o346.059 CURpNLP-N04055r2023-07-17 00:00:00w2023-07-17yBK